| 000 | 00406nam a22001577a 4500 | ||
|---|---|---|---|
| 005 | 20160429094702.0 | ||
| 008 | 160429b xxu||||| |||| 00| 0 eng d | ||
| 041 | _aeng | ||
| 082 | _b00737 | ||
| 100 |
_aDesai, Bipin C _9199 |
||
| 245 | _aAn Introduction to: Data Base System | ||
| 260 |
_aNew Delhi _bGalgotia Publ. Pvt. Ltd. _c2003 |
||
| 300 | _a820 | ||
| 650 |
_aInformation Technology _9137 |
||
| 942 | _cBK | ||
| 999 |
_c217 _d217 |
||